江苏卫视的频道测试 - Statistics

General Stats
  • This quiz has been taken 10 times
  • The average score is 5 of 9
Answer Stats
提示 Answer % Correct
高标清同播 新闻频道
70%
高标清同播 影视频道
60%
高标清同播 体育休闲频道
60%
高标清同播 优漫卡通频道
60%
高标清同播 教育频道
60%
高标清同播 综艺频道
50%
高标清同播 城市频道
40%
高标清同播 综合频道
30%
高标清同播 好享购物频道
20%
No matching quizzes found
Score Distribution
Percent of People with Each Score
Percentile by Number Answered
Your Score History
You have not taken this quiz